000 00233nam a2200097Ia 4500
008 200302s9999 xx 000 0 und d
100 _aAuthor
245 _aColor and Composition
260 _bWalter T. Foster Publication
300 _a30 P.,
999 _c567
_d567